Science Quiz

Random Science Quiz

Abbreviations in Reverse Part 2 Quiz Stats

 Plays Quiz not verified by Sporcle

Support Sporcle.
Go Orange.
Score 0/51 Timer 10:00
0 Plays Today
Meaning Abbreviations % Correct
BOWEL MOVEMENTBM
90.9%
BLOOD PRESSUREBP
90.9%
DIABETES MELLITUSDM
90.9%
BEDRESTBR
90.9%
CANCERCA
81.8%
CHLORIDECL
81.8%
CALCIUMCa
81.8%
DEEP VEIN THROMBOSISDVT
81.8%
ELECTROCARDIOGRAMEKG
81.8%
ACTIVITIES OF DAILY LIVINGADL
72.7%
COMPLETE BLOOD COUNTCBC
72.7%
CENTRAL NERVOUS SYSTEMCNS
72.7%
DRY AND STERILE DRESSINGDSD
72.7%
RULE OUTR.O
72.7%
COMPLAINS OFC.O
72.7%
EYES, EARS, NOSE, THROATEENT
72.7%
FASTING BLOOD SUGARFBS
72.7%
IRONFE
72.7%
GENITOURINARYGU
72.7%
GASTROINTESTINGALGI
72.7%
INTRAVENOUSIV
72.7%
POTASSIUM CHLORIDEKCL
72.7%
MAGNESIUMMg
72.7%
MYOCARDIAL INFARCTIONMI
72.7%
CEREBROVASCULAR ACCIDENTCVA
63.6%
CHEST X-RAYCXR
63.6%
Meaning Abbreviations % Correct
DUE TO VOIDDTV
63.6%
EGGCRATE MATTRESSECM
63.6%
ALCOHOLETOH
63.6%
FORCE FLUIDSFF
63.6%
FEVER OF UNKNOWN ORIGINFUO
63.6%
HAS NOT VOIDEDHNV
63.6%
HEAD OF BED UPHOB
63.6%
HOUR OF SLEEPHS
63.6%
INTRAMUSCULARIM
63.6%
ABDOMENABD
54.5%
AMBULATEAMB
54.5%
BIOPSYBX
54.5%
CULTURE & SENSITIVITYC&S
54.5%
DIAGNOSISDX
54.5%
HISTORYHX
54.5%
BEFORE MEALSA.C
45.5%
TWICE A DAYBID
45.5%
BATHROOM PRIVILEGESBRP
45.5%
WITH C
45.5%
DRY AND INTACTD&I
45.5%
INTAKE AND OUTPUTI&O
45.5%
AS DESIREDAD LIB
36.4%
DRESSINGDSG
36.4%
HOURH
36.4%
POTASSIUMK
36.4%

You're not logged in!

Compare scores with friends on all Sporcle quizzes.
OR
Log In

From the Vault

Word to Number Blitz

by rer2121

What kind of madman would turn words into numbers!?
Remove Ads.
Support Sporcle.
Get the best of Sporcle when you Go Orange. This ad-free experience offers more features, more stats, and more fun while also helping to support Sporcle. Thank you for becoming a member.

Show Comments

Extras

Created Mar 12, 2011ReportNominate
Tags:Abbreviation, Reverse

Top Quizzes Today


Score Distribution

Your Account Isn't Verified!

In order to create a playlist on Sporcle, you need to verify the email address you used during registration. Go to your Sporcle Settings to finish the process.

Report this User

Report this user for behavior that violates our Community Guidelines.

Details: